Basics of ecotoxicology (Record no. 396075)
[ view plain ]
| 000 -LEADER | |
|---|---|
| fixed length control field | 00447 a2200181 4500 |
| 005 - DATE & TIME | |
| control field | 20260210101640.0 |
| 008 - FIXED-LENGTH DATA ELEMENTS--GENERAL INFORMATION | |
| fixed length control field | 260209b |||||||| |||| 00| 0 eng d |
| 020 ## - ISBN | |
| International Standard Book Number | 9780367240196 |
| Price | Rs. 1295.00 |
| 040 ## - CATALOGING SOURCE | |
| Original cataloging agency | VIVEKANANDA LIBRARY |
| 082 ## - DDC NUMBER | |
| Classification number | 577.27 |
| Book Number | S26B |
| 100 ## - MAIN ENTRY--PERSONAL NAME | |
| Personal name | Sparling, Donald W |
| 245 ## - TITLE STATEMENT | |
| Title | Basics of ecotoxicology |
| 260 ## - PUBLICATION, DISTRIBUTION, ETC. (IMPRINT) | |
| Name of publisher, distributor, etc | CRC Press |
| Date of publication, distribution, etc | 2025 |
| Place of publication, distribution, etc | Bocaraton |
| 300 ## - PHYSICAL DESCRIPTION | |
| Pages | xv, 221 |
| 650 ## - Subject | |
| Subject | Ecology |
| 650 ## - Subject | |
| Subject | Ecotoxicology |
| 942 ## - ADDED ENTRY ELEMENTS (KOHA) | |
| Koha item type | Books |
| Withdrawn status | Lost status | Source of classification or shelving scheme | Damaged status | Not for loan | Location (home branch) | Sublocation or collection (holding branch) | Shelving location | Date acquired | Koha issues (times borrowed) | Koha full call number | Accession No. | Koha date last seen | Koha item type |
|---|---|---|---|---|---|---|---|---|---|---|---|---|---|
| Dewey Decimal Classification | VIVEKANANDA LIBRARY | VIVEKANANDA LIBRARY | Vivekananda Library | 22/01/2026 | 577.27 S26B | 444491 | 22/01/2026 | Books |
